| 000 | 00000nam 2200000za 4500 |
| 001 | 9.833131 |
| 003 | CaOODSP |
| 005 | 20221107150142 |
| 007 | cr ||||||||||| |
| 008 | 170227t2017 onc o f000 0 fre d |
| 020 | |a978-0-660-07785-7 |
| 040 | |aCaOODSP|bfre |
| 043 | |an-cn--- |
| 086 | 1 |aCW69-14/487-2017F-PDF |
| 245 | 00|aÉvaluation et rapport de situation du COSEPAC sur la Mulette feuille d'érable, Quadrula quadrula, population des Grands Lacs et du haut Saint–Laurent, population de la rivière Saskatchewan et du fleuve Nelson, au Canada |h[ressource électronique]. |
| 246 | 15|aRapport de situation du COSEPAC sur la Mulette feuille d’érable, Quadrula quadrula, au Canada |
| 260 | |aOttawa : |bEnvironnement et Changement climatique Canada, |c2017, c2016. |
| 300 | |axviii, 92 p. : |bfigures. |
| 500 | |aPubl. aussi en anglais sous le titre : COSEWIC assessment and status report on the Mapleleaf, Great Lakes - Upper St. Lawrence population, Saskatchewan - Nelson Rivers population, in Canada. |
| 500 | |aTite de la couv. |
| 500 | |a« Population des Grands Lacs et du haut Saint–Laurent - Préoccupante ; Population de la rivière Saskatchewan et du fleuve Nelson - Menacée, 2016. » |
| 500 | |a« Le COSEPAC souhaite remercier David Zanatta, Jordan Hoffman et Joseph Carney d’avoir rédigé le rapport de situation sur la mulette feuille d’érable. » |
| 692 | 07|2gccst|aEspèce menacée |
| 692 | 07|2gccst|aConservation de la nature |
| 692 | 07|2gccst|aMollusque |
| 700 | 1 |aZanatta, David Thomas,|d1975- |
| 700 | 1 |aHoffman, Jordan. |
| 700 | 1 |aCarney, Joseph Patrick,|d1958- |
| 710 | 2 |aComité sur la situation des espèces en péril au Canada. |
| 710 | 1 |aCanada. |bEnvironnement et changement climatique Canada. |
| 710 | 2 |aService canadien de la faune. |
| 775 | 08|tCOSEWIC assessment and status report on the Mapleleaf, Quadrula quadrula, Great Lakes - Upper St. Lawrence population, Saskatchewan - Nelson Rivers population, in Canada |w(CaOODSP)9.833130 |
| 795 | |tÉvaluation et rapport de situation du COSEPAC sur la Mulette feuille d'érable Quadrula quadrula : population de la Saskatchewan - Nelson, population des Grands Lacs - Ouest du Saint-Laurent au Canada |w(CaOODSP)9.593209 |
| 856 | 40|qPDF|s2.32 Mo|uhttps://publications.gc.ca/collections/collection_2017/eccc/CW69-14-487-2017-fra.pdf |